[Event "Sebes GP op"]
[Site "Sebes"]
[Date "2023.11.04"]
[Round "3"]
[White "Dragomirescu, Calin"]
[Black "Anton, Teodor"]
[Result "0-1"]
[WhiteElo "2004"]
[BlackElo "2420"]
[PlyCount "57"]
[EventDate "2023.11.04"]
[EventType "swiss"]
[EventRounds "10"]
[EventCountry "ROU"]
[SourceTitle "CB46_2023"]
[SourceDate "2023.11.15"]
[SourceVersion "1"]
[SourceVersionDate "2023.11.15"]
[SourceQuality "1"]

1. Nf3 c5 2. c4 Nf6 3. b3 d5 4. cxd5 Nxd5 5. Bb2 Nc6 6. g3 f6 7. d4 cxd4 8. Nxd4 e5 9. Nxc6 bxc6 10. Nd2 Bc5 11. e3 0-0 12. Bc4 Kh8 13. Qh5 Bb4 14. 0-0-0 Qa5 15. Bd3 f5 16. a4 Bc3 17. Nb1 Bxb2+ 18. Kxb2 Rb8 19. Qh4 e4 20. Bc4 Nb6 21. Rc1 Nxa4+ 22. Kc2 Ba6 23. Bxa6 Qxa6 24. Rhd1 Nc5 25. Kd2 Nxb3+ 26. Ke1 Nxc1 27. Rxc1 Qd3 28. Qe7 Rfd8 29. Qc7 0-1

[Event "ROM-ch"]
[Site "Sebes"]
[Date "2023.02.19"]
[Round "1"]
[White "Anton, Teodor"]
[Black "Gales, Randi Ioan"]
[Result "1-0"]
[WhiteElo "2438"]
[BlackElo "2005"]
[PlyCount "95"]
[EventDate "2023.02.19"]
[EventType "swiss"]
[EventRounds "9"]
[EventCountry "ROU"]
[SourceTitle "CBM 212 Extra"]
[Source "ChessBase"]
[SourceDate "2023.03.31"]
[SourceVersion "1"]
[SourceVersionDate "2023.03.31"]
[SourceQuality "1"]

1. d4 Nf6 2. Nf3 g6 3. Nbd2 d5 4. e3 Bg7 5. b4 0-0 6. Bb2 b6 7. c4 dxc4 8. Bxc4 Bb7 9. 0-0 Nbd7 10. Qb3 e6 11. Rac1 Ne4 12. Nxe4 Bxe4 13. Be2 Rc8 14. Rfd1 Nf6 15. Ne5 Qd5 16. Qxd5 Bxd5 17. Ba6 Ra8 18. a3 Bb3 19. Rd3 Ba2 20. f3 Rfd8 21. Bb7 Nd5 22. Nc6 Rf8 23. Bxa8 Rxa8 24. a4 Bh6 25. Kf2 Nf6 26. Ra3 Bd5 27. Ne7+ Kf8 28. Rxc7 Ne8 29. Nxd5 exd5 30. Rc6 Ke7 31. Rac3 Nd6 32. Rc7+ Kd8 33. Bc1 Bf8 34. Ke2 Ke8 35. Kd3 Nc4 36. R3xc4 dxc4+ 37. Rxc4 Bd6 38. g3 Ke7 39. e4 Rd8 40. f4 f6 41. e5 Bb8 42. Rc6 fxe5 43. fxe5 Kd7 44. b5 Re8 45. Ke4 Re7 46. Bg5 Re8 47. Bf6 Bc7 48. d5 1-0

[Event "ROM-chT Blitz"]
[Site "Sebes"]
[Date "2022.12.04"]
[Round "7.1"]
[White "Anton, Teodor"]
[Black "Lupulescu, Constantin"]
[Result "0-1"]
[WhiteElo "2438"]
[BlackElo "2592"]
[PlyCount "84"]
[EventDate "2022.12.04"]
[EventType "team-swiss (blitz)"]
[EventRounds "8"]
[EventCountry "ROU"]
[SourceTitle "CBM 211 Extra"]
[Source "ChessBase"]
[SourceDate "2023.01.31"]
[SourceVersion "1"]
[SourceVersionDate "2023.01.31"]
[SourceQuality "1"]
[WhiteTeam "Arad Vados"]
[BlackTeam "Superbet ASE"]
[WhiteTeamCountry "ROU"]
[BlackTeamCountry "ROU"]

1. Nf3 d5 2. d4 Nf6 3. c4 e6 4. Nc3 Nbd7 5. Bg5 c6 6. e3 h6 7. Bh4 g5 8. Bg3 Nh5 9. Bd3 Nxg3 10. hxg3 Bg7 11. Qc2 Qe7 12. 0-0 0-0 13. Rfe1 dxc4 14. Bxc4 b6 15. e4 g4 16. Nh2 h5 17. e5 Bb7 18. Qe4 Rfd8 19. Bd3 Nf8 20. Qe3 c5 21. dxc5 Qxc5 22. Qe2 Nd7 23. Be4 Bxe4 24. Qxe4 Nxe5 25. Rad1 Rac8 26. Nf1 Nc4 27. Qb7 Rxd1 28. Nxd1 Qc7 29. Qa6 Nxb2 30. Nxb2 Bxb2 31. Ne3 Bd4 32. Qb5 Qc5 33. Qd7 Rc7 34. Qd8+ Kg7 35. Kh2 Bf6 36. Qd3 Qc3 37. Qd1 Qd4 38. Qe2 Qb2 39. Qxb2 Bxb2 40. Re2 Bd4 41. f3 gxf3 42. gxf3 Bxe3 0-1

[Event "ROM-chT"]
[Site "Oradea"]
[Date "2022.09.27"]
[Round "7.2"]
[White "Ileana, George"]
[Black "Anton, Teodor"]
[Result "1-0"]
[WhiteElo "2301"]
[BlackElo "2454"]
[PlyCount "77"]
[EventDate "2022.09.21"]
[EventType "team-tourn"]
[EventRounds "9"]
[EventCountry "ROU"]
[SourceTitle "EXT 2024"]
[Source "ChessBase"]
[SourceDate "2023.10.10"]
[SourceVersion "1"]
[SourceVersionDate "2023.10.10"]
[SourceQuality "1"]
[WhiteTeam "Galati Smart"]
[BlackTeam "Timisoara Medicina"]
[WhiteTeamCountry "ROU"]
[BlackTeamCountry "ROU"]

1. e4 c5 2. Nf3 d6 3. d4 cxd4 4. Nxd4 Nf6 5. f3 e6 6. c4 a6 7. Nc3 b6 8. Be3 Bb7 9. Be2 Nbd7 10. 0-0 Be7 11. Qd2 0-0 12. Rac1 Rc8 13. Rc2 Qc7 14. Rb1 Qb8 15. b4 Qa8 16. Bf1 Rfe8 17. Na4 Bf8 18. Nb3 Qb8 19. Qf2 d5 20. exd5 exd5 21. c5 Qa8 22. Nd4 bxc5 23. bxc5 Bxc5 24. Nxc5 Rxc5 25. Rxc5 Nxc5 26. Nf5 Ne6 27. Nd6 Re7 28. Qb2 d4 29. Bf2 Bd5 30. Qb8+ Qxb8 31. Rxb8+ Nf8 32. a4 a5 33. Bxd4 Re6 34. Nf5 g6 35. Bxf6 gxf5 36. Bb2 Bc6 37. Bb5 Bxb5 38. axb5 Re3 39. Bd4 1-0

[Event "ROM-chT"]
[Site "Oradea"]
[Date "2022.09.24"]
[Round "4.5"]
[White "Gavrilescu, David"]
[Black "Anton, Teodor"]
[Result "1-0"]
[WhiteElo "2523"]
[BlackElo "2454"]
[PlyCount "71"]
[EventDate "2022.09.21"]
[EventType "team-tourn"]
[EventRounds "9"]
[EventCountry "ROU"]
[SourceTitle "EXT 2024"]
[Source "ChessBase"]
[SourceDate "2023.10.10"]
[SourceVersion "1"]
[SourceVersionDate "2023.10.10"]
[SourceQuality "1"]
[WhiteTeam "Superbet ASE"]
[BlackTeam "Timisoara Medicina"]
[WhiteTeamCountry "ROU"]
[BlackTeamCountry "ROU"]

1. e4 c5 2. Nf3 Nc6 3. Bb5 e6 4. Bxc6 bxc6 5. d3 Ne7 6. Nbd2 Ng6 7. h4 h5 8. e5 f6 9. Qe2 Qc7 10. Nc4 Ba6 11. Qe4 Kf7 12. Bf4 Nxf4 13. Qxf4 Kg8 14. Rh3 fxe5 15. Ncxe5 d6 16. Ng6 Rh6 17. Rg3 Qf7 18. Ne7+ Bxe7 19. Qxh6 Rb8 20. b3 Bf6 21. Rd1 Bc3+ 22. Kf1 Rf8 23. Kg1 Bc8 24. Rf1 Bd7 25. Qe3 Qf6 26. Rg5 Be8 27. Nd2 Bxd2 28. Qxd2 Qd4 29. Qe3 e5 30. Qg3 Rf7 31. Rxh5 Re7 32. Rg5 Qc3 33. h5 Kh7 34. Qf3 Qd2 35. Qf5+ Kg8 36. h6 1-0

[Event "Bucharest Super Rapid op"]
[Site "Bucharest"]
[Date "2022.05.01"]
[Round "7"]
[White "Secheres, Adrian Simion"]
[Black "Anton, Teodor"]
[Result "1-0"]
[WhiteElo "2360"]
[BlackElo "2454"]
[PlyCount "192"]
[EventDate "2022.04.30"]
[EventType "swiss (rapid)"]
[EventRounds "10"]
[EventCountry "ROU"]
[SourceTitle "CBM 208 Extra"]
[Source "ChessBase"]
[SourceDate "2022.07.31"]
[SourceVersion "1"]
[SourceVersionDate "2022.07.31"]
[SourceQuality "1"]

1. d4 Nf6 2. c4 e6 3. Nf3 Bb4+ 4. Bd2 c5 5. Bxb4 cxb4 6. a3 bxa3 7. Rxa3 0-0 8. e3 b6 9. Nc3 Bb7 10. Be2 d6 11. 0-0 Nbd7 12. Qb1 Qb8 13. Rd1 Rc8 14. b4 h6 15. h3 a5 16. bxa5 Rxa5 17. Rxa5 bxa5 18. Qa2 Bxf3 19. gxf3 Qa7 20. Nb5 Qb6 21. Ra1 Ra8 22. Qa3 Ne8 23. Rb1 e5 24. Nc3 Qd8 25. Rb5 Qg5+ 26. Kh2 Qh4 27. Kg2 exd4 28. Ne4 dxe3 29. fxe3 Nef6 30. Nxd6 Qe1 31. Qa2 Nf8 32. c5 Ne6 33. c6 Rd8 34. Nc4 Nd5 35. Rxd5 Rxd5 36. f4 Rc5 37. Ne5 Rc1 38. Nf3 Qc3 39. Kf2 Rc2 40. Qd5 a4 41. f5 Qxc6 42. Qxc6 Rxc6 43. fxe6 Rxe6 44. Nd4 Rb6 45. Nb5 g6 46. Ke1 Kg7 47. Kd2 f5 48. Kc3 Re6 49. Kd2 Re4 50. Bd1 Rb4 51. Na3 h5 52. Kc3 Rh4 53. Nc4 Rxh3 54. Bxa4 f4 55. Kd3 g5 56. Ke2 f3+ 57. Kf2 g4 58. Nd6 Rh2+ 59. Kf1 h4 60. Bc6 Kf6 61. Ne4+ Ke5 62. Nf2 Rg2 63. Nxg4+ Rxg4 64. Bxf3 Rg7 65. Bg2 Kf5 66. Kf2 Rf7 67. Bf3 Ra7 68. Bc6 Ra2+ 69. Kf3 Ra6 70. Bb7 Ra5 71. Bc8+ Kg5 72. Bh3 Ra1 73. Kf2 Kf6 74. Kf3 Rg1 75. Bc8 Rg3+ 76. Kf4 Rg8 77. Bh3 Rg7 78. e4 Rg3 79. e5+ Ke7 80. Bg4 Rc3 81. Bf3 Rc4+ 82. Kf5 Ra4 83. Bg4 Ra3 84. Kf4 Ra1 85. Bh3 Rg1 86. Bg4 Rh1 87. Kf3 Rg1 88. Kf4 Kf7 89. Bh5+ Kg7 90. Bg4 Kg6 91. Bd7 Rg3 92. Be8+ Kg7 93. Bd7 Rg1 94. Bg4 Re1 95. Kg5 Rh1 96. Kf4 Kh6 1-0

[Event "ROM-ch"]
[Site "Eforie Nord"]
[Date "2022.02.27"]
[Round "9"]
[White "Anton, Teodor"]
[Black "Lupulescu, Constantin"]
[Result "1/2-1/2"]
[WhiteElo "2457"]
[BlackElo "2620"]
[PlyCount "24"]
[EventDate "2022.02.20"]
[EventType "swiss"]
[EventRounds "9"]
[EventCountry "ROU"]
[SourceTitle "CBM 207 Extra"]
[Source "ChessBase"]
[SourceDate "2022.05.31"]
[SourceVersion "1"]
[SourceVersionDate "2022.05.31"]
[SourceQuality "1"]

1. d4 Nf6 2. c4 e6 3. Nc3 d5 4. Bg5 Nbd7 5. e3 c6 6. cxd5 exd5 7. Bd3 Be7 8. h3 0-0 9. Qc2 Re8 10. Nf3 Nf8 11. 0-0-0 a5 12. g4 a4 1/2-1/2

[Event "ROM-chT"]
[Site "Mamaia"]
[Date "2021.10.09"]
[Round "10.5"]
[White "Secheres, Adrian Simion"]
[Black "Anton, Teodor"]
[Result "1/2-1/2"]
[WhiteElo "2368"]
[BlackElo "2464"]
[PlyCount "136"]
[EventDate "2021.10.02"]
[EventType "team-tourn"]
[EventRounds "11"]
[EventCountry "ROU"]
[SourceTitle "CBM 204 Extra"]
[Source "ChessBase"]
[SourceDate "2021.11.30"]
[SourceVersion "1"]
[SourceVersionDate "2021.11.30"]
[SourceQuality "1"]
[WhiteTeam "Timisoara Vest Univ"]
[BlackTeam "Timisoara Medicina"]
[WhiteTeamCountry "ROU"]
[BlackTeamCountry "ROU"]

1. d4 Nf6 2. c4 e6 3. Nc3 d5 4. Nf3 Nbd7 5. Bf4 c6 6. e3 Be7 7. Be2 0-0 8. h3 dxc4 9. Bxc4 b5 10. Be2 Bb7 11. a3 a6 12. 0-0 c5 13. Bg3 Rc8 14. Rc1 b4 15. Nb1 Ne4 16. Bh2 Qb6 17. Qa4 Ndf6 18. axb4 cxd4 19. Nxd4 Bxb4 20. Na3 Bd6 21. Bxd6 Nxd6 22. Qb3 Qa5 23. Nc4 Qg5 24. Nf3 Qb5 25. Qxb5 Nxb5 26. Nfe5 Rfd8 27. Na5 Rxc1 28. Rxc1 Rc8 29. Rd1 Bd5 30. f3 Kf8 31. e4 Ba8 32. Bxb5 axb5 33. Rd6 Ne8 34. Ra6 Nc7 35. Ra7 Ke7 36. Kf2 f6 37. Nd3 Kd6 38. b4 Bc6 39. Nc5 e5 40. h4 g6 41. Ke3 Ra8 42. Rxa8 Bxa8 43. Nab3 Bc6 44. Nd2 Bd7 45. g3 Bc8 46. Nb1 Be6 47. Nd2 Bc8 48. f4 Ne6 49. Nxe6 Bxe6 50. fxe5+ fxe5 51. Nb1 h6 52. Nc3 Bc4 53. Kf3 Kc6 54. Nd1 Kd6 55. Ne3 Be6 56. g4 Ke7 57. Kg3 h5 58. Kf3 Kf6 59. gxh5 gxh5 60. Nf1 Bf7 61. Ke3 Be8 62. Ng3 Bg6 63. Ne2 Be8 64. Nc1 Ke6 65. Na2 Kd6 66. Nc3 Bc6 67. Kd3 Be8 68. Nd5 Ke6 1/2-1/2

[Event "Titled Tuesday intern op 12th Jan"]
[Site "Chess.com INT"]
[Date "2021.01.12"]
[Round "7"]
[White "Anton, Teodor"]
[Black "Costachi, Mihnea"]
[Result "1-0"]
[WhiteElo "2464"]
[BlackElo "2471"]
[PlyCount "87"]
[EventDate "2021.01.12"]
[EventType "swiss (blitz)"]
[EventRounds "11"]
[EventCountry "USA"]
[SourceTitle "CBM 200 Extra"]
[Source "ChessBase"]
[SourceDate "2021.03.31"]
[SourceVersion "1"]
[SourceVersionDate "2021.03.31"]
[SourceQuality "1"]

1. d4 Nf6 2. c4 g6 3. Nf3 Bg7 4. g3 0-0 5. Bg2 d6 6. 0-0 Nc6 7. Nc3 Bf5 8. Ne1 e5 9. d5 Ne7 10. e4 Bd7 11. Nd3 Ne8 12. f4 f5 13. fxe5 dxe5 14. Bg5 h6 15. Bxe7 Qxe7 16. Qb3 Rb8 17. exf5 gxf5 18. Rae1 e4 19. Kh1 Kh7 20. Nf4 Nf6 21. Nb5 Bxb5 22. cxb5 Ng4 23. Bh3 Qg5 24. Ne6 Qh5 25. Bxg4 Qxg4 26. Nxf8+ Rxf8 27. Rf4 Qg6 28. Qc2 Qd6 29. Qc4 Be5 30. Rf2 h5 31. Ref1 Qg6 32. Qc5 Rf7 33. Qxa7 h4 34. gxh4 f4 35. Rg2 Qf6 36. Rg5 e3 37. Rfg1 Kh6 38. Qb8 f3 39. Qg8 Rg7 40. Qh8+ Rh7 41. Rh5+ Kxh5 42. Qxh7+ Qh6 43. Qf5+ Kxh4 44. Qg4# 1-0

[Event "Titled Tuesday intern op 12th Jan"]
[Site "Chess.com INT"]
[Date "2021.01.12"]
[Round "5"]
[White "Anton, Teodor"]
[Black "Obregon, Carlos Andres"]
[Result "0-1"]
[WhiteElo "2464"]
[BlackElo "2525"]
[PlyCount "95"]
[EventDate "2021.01.12"]
[EventType "swiss (blitz)"]
[EventRounds "11"]
[EventCountry "USA"]
[SourceTitle "CBM 200 Extra"]
[Source "ChessBase"]
[SourceDate "2021.03.31"]
[SourceVersion "1"]
[SourceVersionDate "2021.03.31"]
[SourceQuality "1"]

1. d4 Nf6 2. c4 e6 3. Nc3 d5 4. Nf3 Be7 5. g3 0-0 6. Bg2 dxc4 7. 0-0 Nc6 8. Bg5 Rb8 9. e4 b6 10. Rc1 Bb7 11. e5 Nd5 12. Bxe7 Ncxe7 13. Qa4 Nxc3 14. Rxc3 Bd5 15. Rd1 b5 16. Qc2 b4 17. Rxc4 Bxc4 18. Qxc4 Nd5 19. Rc1 Qd7 20. Nd2 Nb6 21. Qd3 Rfd8 22. Nb3 Qa4 23. Qb1 Nd5 24. h4 Qb5 25. Rc5 Qe2 26. Bf1 Qg4 27. Qc1 h6 28. Bg2 Ne7 29. Qc4 Nf5 30. Rxc7 Nxd4 31. Nxd4 Rxd4 32. Qc5 Rd1+ 33. Kh2 a6 34. Qe7 Qf5 35. Rc4 Rf8 36. Rf4 Qxe5 37. Qxb4 a5 38. Qa4 Rd2 39. b3 Qb2 40. Qxa5 Rxf2 41. Rxf2 Qxf2 42. a4 Rc8 43. Qb5 Rc2 44. Qb8+ Kh7 45. Qb7 f5 46. a5 e5 47. Qd5 e4 48. Qxf5+ 0-1

[Event "Titled Tuesday intern op 12th Jan"]
[Site "Chess.com INT"]
[Date "2021.01.12"]
[Round "3"]
[White "Postny, Evgeny"]
[Black "Anton, Teodor"]
[Result "1-0"]
[WhiteElo "2605"]
[BlackElo "2464"]
[PlyCount "127"]
[EventDate "2021.01.12"]
[EventType "swiss (blitz)"]
[EventRounds "11"]
[EventCountry "USA"]
[SourceTitle "CBM 200 Extra"]
[Source "ChessBase"]
[SourceDate "2021.03.31"]
[SourceVersion "1"]
[SourceVersionDate "2021.03.31"]
[SourceQuality "1"]

1. Nf3 d5 2. c4 e6 3. g3 Nf6 4. Bg2 Be7 5. 0-0 0-0 6. b3 c5 7. cxd5 exd5 8. d4 Nc6 9. Bb2 Re8 10. Nbd2 cxd4 11. Nxd4 Bf8 12. Rc1 Bd7 13. e3 Rc8 14. Qe2 Qa5 15. Nxc6 Rxc6 16. Rxc6 Bxc6 17. Bxf6 Bb5 18. Bc3 Bxe2 19. Bxa5 Bxf1 20. Nxf1 b6 21. Bc3 Rc8 22. Bd4 Rd8 23. Nd2 f6 24. Kf1 Bb4 25. Ke2 Kf7 26. Kd3 Ke6 27. Bb2 Bxd2 28. Kxd2 Rc8 29. Bd4 Rc7 30. Bh3+ Kd6 31. a4 Re7 32. Bf5 h6 33. h4 Rc7 34. Bd3 Rf7 35. b4 Rb7 36. a5 Kc6 37. b5+ Kd6 38. axb6 axb6 39. Ke2 Rb8 40. Kf3 Ke6 41. Kg4 Rb7 42. Bf5+ Kf7 43. h5 Ke7 44. Bc2 Rc7 45. Bb3 Kd6 46. Kf5 Ra7 47. Bd1 Ra2 48. f4 Ra5 49. Be2 Ra2 50. Bf3 Ra5 51. Bxb6 Rxb5 52. Bd4 Rb7 53. Kg6 Ke6 54. Bg4+ Kd6 55. Bf5 Rc7 56. g4 Rb7 57. Bd3 Rc7 58. Bb1 Rb7 59. Bf5 Rc7 60. g5 hxg5 61. fxg5 fxg5 62. Bxg7 Rc1 63. h6 g4 64. h7 1-0

[Event "Titled Tuesday intern op 01st Dec"]
[Site "Chess.com INT"]
[Date "2020.12.01"]
[Round "4"]
[White "Harshavardhan, GB."]
[Black "Anton, Teodor"]
[Result "1-0"]
[WhiteElo "2397"]
[BlackElo "2464"]
[PlyCount "44"]
[EventDate "2020.12.01"]
[EventType "swiss (blitz)"]
[EventRounds "11"]
[EventCountry "USA"]
[SourceTitle "CBM 199 Extra"]
[Source "ChessBase"]
[SourceDate "2021.01.31"]
[SourceVersion "1"]
[SourceVersionDate "2021.01.31"]
[SourceQuality "1"]

1. d4 Nf6 2. c4 e6 3. Nc3 Bb4 4. f3 0-0 5. e4 d5 6. cxd5 exd5 7. e5 Nfd7 8. a3 Bxc3+ 9. bxc3 c5 10. Bd3 cxd4 11. cxd4 Nc6 12. Ne2 f6 13. exf6 Nxf6 14. 0-0 Qb6 15. Kh1 Bd7 16. Rb1 Qc7 17. Bf4 Qc8 18. Be5 Bf5 19. Ng3 Bxd3 20. Qxd3 Nxe5 21. dxe5 Nd7 22. Qxd5+ Kh8 1-0

[Event "Titled Tuesday intern op 17th Nov"]
[Site "Chess.com INT"]
[Date "2020.11.17"]
[Round "2"]
[White "Anton, Teodor"]
[Black "Hess, Robert L"]
[Result "1-0"]
[WhiteElo "2464"]
[BlackElo "2591"]
[PlyCount "73"]
[EventDate "2020.11.17"]
[EventType "swiss (blitz)"]
[EventRounds "11"]
[EventCountry "USA"]
[SourceTitle "CBM 199 Extra"]
[Source "ChessBase"]
[SourceDate "2021.01.31"]
[SourceVersion "1"]
[SourceVersionDate "2021.01.31"]
[SourceQuality "1"]

1. d4 g6 2. e4 Bg7 3. Nf3 a6 4. a4 d6 5. Nc3 e6 6. Be2 Ne7 7. 0-0 h6 8. Re1 Nd7 9. Bf1 b6 10. h3 Bb7 11. Be3 0-0 12. Qd2 Kh7 13. Rab1 f5 14. Bf4 Nf6 15. exf5 exf5 16. Qe2 Re8 17. Qd1 Qd7 18. g3 Ned5 19. Nxd5 Nxd5 20. Bd2 Qxa4 21. Bg2 Nf6 22. Ng5+ hxg5 23. Bxb7 Rxe1+ 24. Bxe1 Re8 25. b3 Qd7 26. Bxa6 Ne4 27. Bf1 d5 28. Ra1 c5 29. c3 cxd4 30. cxd4 Qd6 31. Ra7 Kh6 32. Bg2 Qf6 33. Ra4 Qe6 34. f3 Nd6 35. Bf2 Nb5 36. Qc1 Qe2 37. h4 1-0

[Event "Titled Tuesday intern op 17th Nov"]
[Site "Chess.com INT"]
[Date "2020.11.17"]
[Round "4"]
[White "Seo, Jung Min"]
[Black "Anton, Teodor"]
[Result "1-0"]
[WhiteElo "2453"]
[BlackElo "2464"]
[PlyCount "71"]
[EventDate "2020.11.17"]
[EventType "swiss (blitz)"]
[EventRounds "11"]
[EventCountry "USA"]
[SourceTitle "CBM 199 Extra"]
[Source "ChessBase"]
[SourceDate "2021.01.31"]
[SourceVersion "1"]
[SourceVersionDate "2021.01.31"]
[SourceQuality "1"]

1. e4 e5 2. Nf3 Nc6 3. Bb5 a6 4. Ba4 Nf6 5. 0-0 b5 6. Bb3 Bc5 7. c3 d6 8. d4 Bb6 9. a4 Rb8 10. h3 0-0 11. Na3 exd4 12. cxd4 d5 13. exd5 Nxd5 14. axb5 axb5 15. Nxb5 Bb7 16. Nc3 Nce7 17. Bg5 f6 18. Bc1 Kh8 19. Re1 Ng6 20. Nxd5 Bxd5 21. Bxd5 Qxd5 22. Be3 Rfd8 23. Qc2 Nf8 24. Red1 Ne6 25. Ra4 Ra8 26. Rxa8 Rxa8 27. b3 Ra3 28. Qc4 Qd7 29. d5 Bxe3 30. fxe3 Nd8 31. Qb4 Qd6 32. Qe4 Qd7 33. Nd4 Nf7 34. Ne6 Ne5 35. Nf8 Qd6 36. Qxh7# 1-0

[Event "Titled Tuesday intern op 27th Oct"]
[Site "Chess.com INT"]
[Date "2020.10.27"]
[Round "5"]
[White "Smietanska, Wiktoria"]
[Black "Anton, Teodor"]
[Result "0-1"]
[WhiteElo "2013"]
[BlackElo "2464"]
[PlyCount "100"]
[EventDate "2020.10.27"]
[EventType "swiss (blitz)"]
[EventRounds "11"]
[EventCountry "USA"]
[SourceTitle "CBM 199 Extra"]
[Source "ChessBase"]
[SourceDate "2021.01.31"]
[SourceVersion "1"]
[SourceVersionDate "2021.01.31"]
[SourceQuality "1"]

1. c4 e5 2. Nc3 Nc6 3. Nf3 Nf6 4. e4 Bc5 5. Nxe5 Nxe5 6. d4 Bd6 7. c5 Bxc5 8. dxe5 Ng8 9. Qg4 Bf8 10. Bc4 d6 11. Qf3 Qd7 12. exd6 Bxd6 13. 0-0 Nf6 14. Re1 Be5 15. Bg5 h6 16. Rad1 hxg5 17. Rxd7 Bxd7 18. g3 g4 19. Qe2 0-0-0 20. Bxf7 Rdf8 21. Bd5 c6 22. Bc4 Rh5 23. h4 gxh3 24. f4 h2+ 25. Kh1 Bg4 26. Qf2 Bxc3 27. bxc3 Ra5 28. Kxh2 Rh8+ 29. Kg1 Rah5 30. Qg2 Nd7 31. Be2 Nf6 32. Bxg4+ Nxg4 33. Qf3 Nf6 34. Kf2 Rh2+ 35. Ke3 Re8 36. e5 Nd5+ 37. Kd4 Rd2+ 38. Kc4 b5+ 39. Kb3 a5 40. Qg4+ Kc7 41. a4 bxa4+ 42. Kxa4 Nb6+ 43. Ka3 Nc4+ 44. Ka4 Rb8 45. Qxg7+ Rd7 46. Qf6 Nb6+ 47. Kxa5 Nd5 48. Ka4 Nxf6 49. exf6 Rd2 50. Ka3 Rd5 0-1